[Event "V Floripa Chess Open 2019"]
[Site "Florianopolis/SC"]
[Date "2019.01.23"]
[Round "4.24"]
[White "Manzi, Luiz Antonio Bardar"]
[Black "Jodorcovsky Werjivker, Paulo"]
[Result "0-1"]
[WhiteElo "2077"]
[BlackElo "2259"]
[PlyCount "82"]
[EventDate "2019.01.21"]
[EventRounds "10"]
[EventCountry "BRA"]

1. Nf3 d5 2. b3 Bf5 3. Bb2 e6 4. g3 Nf6 5. Bg2 Be7 6. d3 h6 7. Nbd2 O-O 8. O-O Bh7 9. Re1 c5 10. e4 Nc6 11. Qe2 c4 12. bxc4 dxe4 13. Nxe4 Bxe4 14. dxe4 Qc7 15. Rab1 Rac8 16. Nd4 Nxd4 17. Bxd4 Nd7 18. Bf1 b6 19. Qg4 Bf6 20. Bxf6 Nxf6 21. Qf3 Nd7 22. Qa3 Rfd8 23. Red1 Nc5 24. Qe3 Qe5 25. Bg2 Rxd1+ 26. Rxd1 Qb2 27. f4 Qxc2 28. Rf1 Rd8 29. f5 Qxc4 30. fxe6 Qxe6 31. Qa3 a5 32. Qb2 Qd6 33. Kh1 Nd3 34. Qb3 Ne5 35. h3 Qe6 36. Rd1 Rxd1+ 37. Qxd1 Qxa2 38. Qd8+ Kh7 39. Qxb6 Qa1+ 40. Kh2 a4 41. Qa5 a3 0-1

[Event "V Floripa Chess Open 2019"]
[Site "Florianopolis/SC"]
[Date "2019.01.23"]
[Round "4.25"]
[White "Pereira, Silvio Cunha"]
[Black "Torella, Rodolfo"]
[Result "1/2-1/2"]
[WhiteElo "2258"]
[BlackElo "2054"]
[PlyCount "101"]
[EventDate "2019.01.21"]
[EventRounds "10"]
[EventCountry "BRA"]

1. e4 g6 2. d4 Bg7 3. Nc3 d6 4. Bc4 Nc6 5. Be3 a6 6. Bb3 Na5 7. Qd2 Nxb3 8. axb3 h6 9. Nge2 Nf6 10. f3 Nd7 11. d5 e5 12. dxe6 fxe6 13. O-O-O Ne5 14. f4 Nc6 15. g4 Qe7 16. e5 dxe5 17. Qd3 Qf7 18. fxe5 O-O 19. Qe4 Qf3 20. Bc5 Qxe4 21. Nxe4 Rf7 22. Nf6+ Bxf6 23. exf6 Rxf6 24. Nc3 e5 25. Nd5 Rf7 26. Rdf1 Be6 27. Rxf7 Bxf7 28. Nxc7 Rc8 29. Bb6 Rd8 30. Rd1 Rxd1+ 31. Kxd1 Kg7 32. Be3 g5 33. Bc5 Nd4 34. b4 Kf6 35. h3 Nf3 36. Ke2 e4 37. Bf8 h5 38. Ke3 Ng1 39. gxh5 Bxh5 40. Nd5+ Ke5 41. Nc3 Nxh3 42. Nxe4 Bg6 43. Nc5 Bxc2 44. Nxb7 Ba4 45. Nc5 Bb5 46. Ne4 Kd5 47. Be7 g4 48. Nf2 Nxf2 49. Kxf2 Kc4 50. Kg3 Bd7 51. Bd6 1/2-1/2

[Event "V Floripa Chess Open 2019"]
[Site "Florianopolis/SC"]
[Date "2019.01.23"]
[Round "4.26"]
[White "Moreira, Ronaldo Alonso"]
[Black "Gauche, Charles"]
[Result "1-0"]
[WhiteElo "2043"]
[BlackElo "2241"]
[PlyCount "155"]
[EventDate "2019.01.21"]
[EventRounds "10"]
[EventCountry "BRA"]

1. d4 Nf6 2. c4 g6 3. Nc3 Bg7 4. e4 O-O 5. Nf3 d6 6. h3 c6 7. Be2 Qc7 8. Bg5 h6 9. Be3 e5 10. d5 Na6 11. g4 Ne8 12. Rg1 Qe7 13. h4 Bd7 14. h5 g5 15. a3 Nec7 16. b4 Rfc8 17. Qb3 Ne8 18. Nd2 Nac7 19. b5 Bf6 20. a4 a5 21. Qa3 Qf8 22. dxc6 bxc6 23. b6 Rcb8 24. bxc7 Nxc7 25. f3 Ne6 26. Kf2 Be7 27. Qa2 Rb4 28. Rgb1 Bd8 29. Qc2 Nc7 30. Na2 Rxb1 31. Rxb1 c5 32. Nc3 Na6 33. Nb5 Nb4 34. Qb3 Be6 35. Rd1 Ra6 36. Nb1 Be7 37. N1c3 Qb8 38. Nd5 Bf8 39. Rd2 Rc6 40. Qd1 Kg7 41. Qb3 Kg8 42. Ndc3 Be7 43. Bf1 Bf8 44. Ne2 Rb6 45. Ng3 f6 46. Qd1 Be7 47. Nf5 Bxf5 48. exf5 Kf7 49. Bd3 Kg7 50. Be4 Kf7 51. Rb2 Ra6 52. Kg2 Kg7 53. Bd2 Rb6 54. Bxb4 axb4 55. Qd5 Qc8 56. Bc2 Ra6 57. Bb3 Qd7 58. Rd2 Kf8 59. Qxc5 Rc6 60. Qd5 Rc8 61. Nxd6 Bxd6 62. Qxd6+ Qe7 63. Qxe7+ Kxe7 64. Kg3 Rc5 65. Rd5 Rc7 66. Rb5 Rd7 67. Rd5 Ra7 68. Rb5 Rd7 69. Rxb4 Kd6 70. Rb6+ Kc5 71. Rxf6 Rb7 72. Bc2 Kb4 73. a5 Kxa5 74. Re6 Kb4 75. f6 Kxc4 76. Re7 Rb6 77. f7 Rf6 78. Bg6 1-0

[Event "V Floripa Chess Open 2019"]
[Site "Florianopolis/SC"]
[Date "2019.01.23"]
[Round "4.27"]
[White "Caetano, Ryan Wesley Da Cost"]
[Black "Teixeira, Ricardo Da Silva"]
[Result "1/2-1/2"]
[WhiteElo "2008"]
[BlackElo "2228"]
[PlyCount "65"]
[EventDate "2019.01.21"]
[EventRounds "10"]
[EventCountry "BRA"]

1. d4 e6 2. c4 f5 3. g3 Nf6 4. Bg2 Be7 5. Nf3 O-O 6. O-O d6 7. Nc3 a5 8. Qc2 Nc6 9. e4 Nb4 10. Qe2 fxe4 11. Nxe4 Nxe4 12. Qxe4 d5 13. Qe2 dxc4 14. Qxc4 Nd5 15. h4 h6 16. Ne5 Bf6 17. Re1 c6 18. Re4 Bxe5 19. dxe5 Qb6 20. Qe2 Bd7 21. Rg4 Kh8 22. Be4 Be8 23. Bg6 Ne7 24. Be3 Qc7 25. Bxe8 Rfxe8 26. Bc5 Nf5 27. Re4 Rad8 28. Rd1 Rd5 29. Ba3 Red8 30. Re1 Rd2 31. Qh5 Qd7 32. R1e2 Rxe2 33. Rxe2 1/2-1/2

[Event "V Floripa Chess Open 2019"]
[Site "Florianopolis/SC"]
[Date "2019.01.23"]
[Round "4.28"]
[White "Araujo, Adalberto Marcos"]
[Black "De Borba, Gabriel"]
[Result "1/2-1/2"]
[WhiteElo "2213"]
[BlackElo "2030"]
[PlyCount "65"]
[EventDate "2019.01.21"]
[EventRounds "10"]
[EventCountry "BRA"]

1. e4 c5 2. Nf3 e6 3. d3 d5 4. Nbd2 Nc6 5. g3 Nf6 6. Bg2 Be7 7. O-O Qc7 8. Re1 b6 9. c3 Bb7 10. Qe2 O-O 11. e5 Nd7 12. Nf1 Rfe8 13. Bf4 Nf8 14. h4 Ng6 15. Bd2 f6 16. exf6 Bxf6 17. N1h2 e5 18. Ng5 Rad8 19. Qh5 Bxg5 20. Bxg5 Nce7 21. Qe2 h6 22. Bd2 Nc6 23. Rad1 Qd7 24. Ng4 Ba6 25. Ne3 e4 26. Qh5 Nge5 27. dxe4 dxe4 28. Nd5 Nd3 29. Bxh6 Qf7 30. Qxf7+ Kxf7 31. Bd2 Nxe1 32. Bxe1 Be2 33. Rd2 1/2-1/2

[Event "V Floripa Chess Open 2019"]
[Site "Florianopolis/SC"]
[Date "2019.01.23"]
[Round "4.29"]
[White "Mota, Romulo Rodrigues"]
[Black "Campelo, Leandro Fabricio"]
[Result "1-0"]
[WhiteElo "1993"]
[BlackElo "2201"]
[PlyCount "66"]
[EventDate "2019.01.21"]
[EventRounds "10"]
[EventCountry "BRA"]

1. d4 Nf6 2. Bf4 g6 3. e3 Bg7 4. Nf3 O-O 5. h3 d6 6. Be2 Nc6 7. O-O Nd7 8. Bh2 e5 9. c4 e4 10. Nfd2 f5 11. Nc3 Kh8 12. Rc1 Nf6 13. a3 a5 14. Nb5 Ne8 15. Nb1 Ne7 16. b4 axb4 17. axb4 c6 18. N5c3 d5 19. c5 g5 20. Na4 f4 21. Nb6 Ra7 22. Nd2 f3 23. gxf3 Bxh3 24. fxe4 Bxf1 25. Qxf1 dxe4 26. Nxe4 Nd5 27. Qh3 Nxb6 28. cxb6 Ra2 29. Bd3 Ra3 30. Bc7 Qe7 31. Bb1 Ra2 32. Nc5 h6 33. Be5 Ra1 1-0

[Event "V Floripa Chess Open 2019"]
[Site "Florianopolis/SC"]
[Date "2019.01.23"]
[Round "4.30"]
[White "Campos, Igor Ribeiro"]
[Black "Lukachewski Junior, Wanderlei"]
[Result "1-0"]
[WhiteElo "2174"]
[BlackElo "2046"]
[PlyCount "51"]
[EventDate "2019.01.21"]
[EventRounds "10"]
[EventCountry "BRA"]

1. e4 c5 2. Nf3 d6 3. Bb5+ Bd7 4. a4 g6 5. O-O Bg7 6. c3 Nf6 7. Re1 O-O 8. d4 Bxb5 9. axb5 cxd4 10. cxd4 e6 11. Nc3 Nbd7 12. h3 h6 13. Be3 d5 14. e5 Ne8 15. Qd2 Kh7 16. Qd3 Nb6 17. b3 Nc7 18. Ra5 Qd7 19. h4 Rg8 20. Ne2 Ne8 21. h5 a6 22. bxa6 bxa6 23. Nf4 Ra7 24. hxg6+ Kh8 25. gxf7 Qxf7 26. Ng6+ 1-0

[Event "V Floripa Chess Open 2019"]
[Site "Florianopolis/SC"]
[Date "2019.01.23"]
[Round "4.31"]
[White "Rueda, Joaquin"]
[Black "Viana, Dirceu"]
[Result "0-1"]
[WhiteElo "1961"]
[BlackElo "2173"]
[PlyCount "66"]
[EventDate "2019.01.21"]
[EventRounds "10"]
[EventCountry "BRA"]

1. e4 e6 2. d4 d5 3. Nd2 Nf6 4. e5 Nfd7 5. Bd3 c5 6. c3 b6 7. Ngf3 Ba6 8. Bxa6 Nxa6 9. O-O Be7 10. Re1 O-O 11. Nf1 b5 12. Qe2 c4 13. Qe3 b4 14. Qf4 bxc3 15. bxc3 Nc7 16. Qg4 f5 17. exf6 Nxf6 18. Qh3 Ne4 19. Re3 Rb8 20. Ng3 Nxg3 21. Qxg3 Bf6 22. Qh3 Qe8 23. Re1 Qg6 24. Be3 h6 25. Nh4 Qh5 26. g4 Qf7 27. Rab1 g5 28. Ng2 Qg6 29. Ra1 Rb2 30. Rf1 Nb5 31. f4 Nxc3 32. fxg5 Ne2+ 33. Kh1 Bxg5 0-1

[Event "V Floripa Chess Open 2019"]
[Site "Florianopolis/SC"]
[Date "2019.01.23"]
[Round "4.32"]
[White "Januario, Severino Pereira"]
[Black "Pereira, Geanfrancesco"]
[Result "1-0"]
[WhiteElo "2173"]
[BlackElo "2028"]
[PlyCount "69"]
[EventDate "2019.01.21"]
[EventRounds "10"]
[EventCountry "BRA"]

1. d4 d5 2. Nf3 c6 3. e3 e6 4. Bd3 f5 5. O-O Nf6 6. c4 Bd6 7. b3 O-O 8. Ba3 Bxa3 9. Nxa3 Ne4 10. Qc2 Nd7 11. Nb1 Rf6 12. Nbd2 Rh6 13. Rfc1 g5 14. Nf1 g4 15. Ne1 Qg5 16. b4 e5 17. cxd5 cxd5 18. Qb3 Ndf6 19. Rc7 exd4 20. Rac1 Nd6 21. exd4 Be6 22. Qd1 Rb8 23. Qd2 Qxd2 24. Nxd2 Nde8 25. R7c2 f4 26. f3 Nd6 27. fxg4 Bxg4 28. Rc7 Re8 29. Nef3 Bxf3 30. Nxf3 Nc4 31. Re1 Rxe1+ 32. Nxe1 Nd2 33. Rxb7 Nde4 34. Nf3 Rg6 35. Ne5 1-0

[Event "V Floripa Chess Open 2019"]
[Site "Florianopolis/SC"]
[Date "2019.01.23"]
[Round "4.33"]
[White "Zampronha, Wladimir Camilo"]
[Black "Silva, Kaua Marques"]
[Result "1-0"]
[WhiteElo "2171"]
[BlackElo "1894"]
[PlyCount "88"]
[EventDate "2019.01.21"]
[EventRounds "10"]
[EventCountry "BRA"]

1. e4 c5 2. Nf3 Nc6 3. d4 cxd4 4. Nxd4 Nf6 5. Nc3 e5 6. Ndb5 d6 7. Bg5 a6 8. Na3 b5 9. Bxf6 gxf6 10. Nd5 f5 11. Bd3 Be6 12. Qh5 Bg7 13. O-O O-O 14. exf5 Bxd5 15. f6 h6 16. Qf5 e4 17. fxg7 Re8 18. Qxd5 exd3 19. Qxc6 Qf6 20. cxd3 Qxb2 21. Qxd6 Re6 22. Qc5 Rae8 23. g3 Kxg7 24. Nc2 Re5 25. Qd4 Qxc2 26. Rac1 Qa4 27. Qxa4 bxa4 28. Rc4 Re2 29. Rxa4 R8e6 30. Rg4+ Rg6 31. Ra4 Rd2 32. Kg2 Rxd3 33. f4 Rd2+ 34. Rf2 Rgd6 35. Rxd2 Rxd2+ 36. Kh3 Rd6 37. Kg4 Rc6 38. h4 Rb6 39. Ra5 Rc6 40. Kh5 Rf6 41. f5 Rb6 42. g4 Rc6 43. a3 Rd6 44. Ra4 Rf6 1-0

[Event "V Floripa Chess Open 2019"]
[Site "Florianopolis/SC"]
[Date "2019.01.23"]
[Round "4.34"]
[White "Takano, Nicholas Ryo"]
[Black "Filgueiras, Nathan Felipe"]
[Result "1/2-1/2"]
[WhiteElo "1954"]
[BlackElo "2161"]
[PlyCount "43"]
[EventDate "2019.01.21"]
[EventRounds "10"]
[EventCountry "BRA"]

1. e4 e5 2. Nf3 Nc6 3. Bc4 Nf6 4. d3 Be7 5. O-O O-O 6. c3 d5 7. exd5 Nxd5 8. Re1 Bg4 9. Nbd2 a6 10. Bb3 Nf4 11. h3 Bh5 12. d4 exd4 13. Nf1 Bxf3 14. Qxf3 Ng6 15. Rd1 Bf6 16. Be3 d3 17. Bc2 Qe7 18. Bxd3 Nge5 19. Qe4 Nxd3 20. Qxe7 Bxe7 21. Rxd3 Bf6 22. Rad1 1/2-1/2

[Event "V Floripa Chess Open 2019"]
[Site "Florianopolis/SC"]
[Date "2019.01.23"]
[Round "4.36"]
[White "Awoki, Daniel Teidi"]
[Black "Etchevest, Marcelo"]
[Result "1-0"]
[WhiteElo "2143"]
[BlackElo "1860"]
[PlyCount "43"]
[EventDate "2019.01.21"]
[EventRounds "10"]
[EventCountry "BRA"]

1. e4 d5 2. exd5 Nf6 3. c4 c6 4. d4 cxd5 5. Nc3 Be6 6. cxd5 Bxd5 7. Nxd5 Qxd5 8. Nf3 Nc6 9. Be2 e6 10. O-O Bd6 11. b3 O-O 12. Bb2 Rfd8 13. Qb1 Rdc8 14. Rd1 Qh5 15. g3 Nb4 16. a3 Nbd5 17. Qd3 Qg6 18. Qxg6 hxg6 19. Bd3 Kf8 20. Ne5 Nc3 21. Re1 Bxe5 22. Rxe5 1-0

[Event "V Floripa Chess Open 2019"]
[Site "Florianopolis/SC"]
[Date "2019.01.23"]
[Round "4.37"]
[White "Souza, Adwilhans Luciano"]
[Black "Kanzler, Karina Daniela Ferr"]
[Result "1-0"]
[WhiteElo "2368"]
[BlackElo "1856"]
[PlyCount "47"]
[EventDate "2019.01.21"]
[EventRounds "10"]
[EventCountry "BRA"]

1. e4 c6 2. d4 d5 3. Nc3 dxe4 4. Nxe4 Nd7 5. Ng5 Ngf6 6. Bd3 e6 7. N1f3 Qc7 8. Qe2 Nb6 9. Ne5 Be7 10. Nexf7 O-O 11. Ne5 c5 12. dxc5 Qxc5 13. O-O Nbd5 14. a3 Nc7 15. c4 a5 16. Bd2 Bd6 17. Bc3 a4 18. Rad1 Na6 19. Bc2 Bxe5 20. Bxe5 h6 21. Nf3 Qc6 22. Bd6 Rd8 23. Ne5 Qb6 24. Be7 1-0

[Event "V Floripa Chess Open 2019"]
[Site "Florianopolis/SC"]
[Date "2019.01.23"]
[Round "4.38"]
[White "Peixoto, Rudson Marinho"]
[Black "Mussanti, Diego"]
[Result "0-1"]
[WhiteElo "1931"]
[BlackElo "2352"]
[PlyCount "64"]
[EventDate "2019.01.21"]
[EventRounds "10"]
[EventCountry "BRA"]

1. e4 c5 2. Nf3 e6 3. d4 cxd4 4. Nxd4 Nc6 5. Nxc6 bxc6 6. Bd3 d5 7. O-O Nf6 8. Nd2 Be7 9. Re1 O-O 10. e5 Nd7 11. c3 a5 12. Qh5 g6 13. Qh3 Ba6 14. Bxa6 Rxa6 15. Nf3 Rb6 16. Bh6 Re8 17. b3 c5 18. Rad1 a4 19. Nd2 Qc7 20. f4 axb3 21. axb3 Ra8 22. g4 Ra2 23. f5 exf5 24. gxf5 gxf5 25. e6 Rxe6 26. Rxe6 fxe6 27. Qg2+ Kf7 28. Qg7+ Ke8 29. Qg8+ Nf8 30. Bxf8 Bxf8 31. Qxe6+ Be7 32. Qg8+ Kd7 0-1

[Event "V Floripa Chess Open 2019"]
[Site "Florianopolis/SC"]
[Date "2019.01.23"]
[Round "4.39"]
[White "Federzoni, Enzo"]
[Black "Cadilhac, Igor Tokuichi Kikuc"]
[Result "0-1"]
[WhiteElo "1930"]
[BlackElo "2277"]
[PlyCount "78"]
[EventDate "2019.01.21"]
[EventRounds "10"]
[EventCountry "BRA"]

1. g3 e5 2. c4 f5 3. Bg2 Nf6 4. Nc3 Bc5 5. d3 O-O 6. Nf3 Nc6 7. Nxe5 Bxf2+ 8. Kxf2 Nxe5 9. Rf1 c6 10. Kg1 d6 11. e4 fxe4 12. Nxe4 Bg4 13. Qc2 Nxe4 14. Rxf8+ Qxf8 15. Bxe4 Bf3 16. Bf4 Bxe4 17. dxe4 Nf3+ 18. Kg2 Nd4 19. Qd3 Qf6 20. Rf1 Rf8 21. Be3 Qxf1+ 22. Qxf1 Rxf1 23. Kxf1 Nf3 24. Ke2 Nxh2 25. Bxa7 Kf7 26. Bd4 g5 27. a4 c5 28. Be3 h6 29. Bd2 Ke6 30. b4 Ng4 31. bxc5 dxc5 32. Kd3 Nf2+ 33. Ke3 Nd1+ 34. Kf3 Nb2 35. Kg4 Nxc4 36. Bc3 Nd6 37. Bg7 Nxe4 38. Bxh6 Kd5 39. Kf3 Kd4 0-1

[Event "V Floripa Chess Open 2019"]
[Site "Florianopolis/SC"]
[Date "2019.01.23"]
[Round "4.40"]
[White "Miguel, Gabriel Carvalho Mo"]
[Black "Souza, Rodrigo Vilas Boas "]
[Result "1-0"]
[WhiteElo "2246"]
[BlackElo "1924"]
[PlyCount "64"]
[EventDate "2019.01.21"]
[EventRounds "10"]
[EventCountry "BRA"]

1. e4 d6 2. d4 g6 3. Nc3 Nf6 4. Be3 a6 5. a4 Bg7 6. f3 Nc6 7. Qd2 O-O 8. Bc4 e5 9. Nge2 exd4 10. Nxd4 Ne5 11. Ba2 c5 12. Nde2 b5 13. axb5 Bb7 14. O-O Qb6 15. bxa6 Rxa6 16. Bb3 Rfa8 17. Rxa6 Rxa6 18. h3 Qb4 19. Nb1 Qb6 20. Na3 Qc7 21. Nc4 d5 22. Nxe5 c4 23. Bxc4 dxc4 24. Ng4 Nxg4 25. hxg4 Bxb2 26. c3 Ba3 27. Bd4 Bf8 28. Rb1 Bc8 29. Nf4 Bh6 30. Nd5 Bxd2 31. Nxc7 Rc6 32. Nd5 f5 1-0

[Event "V Floripa Chess Open 2019"]
[Site "Florianopolis/SC"]
[Date "2019.01.23"]
[Round "4.41"]
[White "Burgos, Marcelo Alves"]
[Black "Torres, Eduardo Lisboa"]
[Result "1/2-1/2"]
[WhiteElo "2198"]
[BlackElo "1905"]
[PlyCount "61"]
[EventDate "2019.01.21"]
[EventRounds "10"]
[EventCountry "BRA"]

1. Nf3 Nf6 2. c4 g6 3. b4 Bg7 4. Bb2 O-O 5. g3 c6 6. Bg2 d5 7. cxd5 cxd5 8. O-O a6 9. Qb3 Nc6 10. d3 Qd6 11. a3 e5 12. Nbd2 b5 13. Rac1 Nd7 14. Ng5 Ne7 15. e4 h6 16. Ngf3 Bb7 17. Rc3 d4 18. Rc2 Rfc8 19. Rfc1 Rxc2 20. Rxc2 Rc8 21. Bh3 Rxc2 22. Qxc2 Nb6 23. Nb3 Na4 24. Nfd2 Qc6 25. Qxc6 Bxc6 26. Bc1 f5 27. Bg2 Nc3 28. Kf1 fxe4 29. Nxe4 Bxe4 30. Bxe4 Nxe4 31. dxe4 1/2-1/2

[Event "V Floripa Chess Open 2019"]
[Site "Florianopolis/SC"]
[Date "2019.01.23"]
[Round "4.42"]
[White "Librelato, Kathie Goulart"]
[Black "Vieira, Jose Renato Braga S"]
[Result "1-0"]
[WhiteElo "2187"]
[BlackElo "1902"]
[PlyCount "43"]
[EventDate "2019.01.21"]
[EventRounds "10"]
[EventCountry "BRA"]

1. e4 e5 2. Nf3 Nc6 3. Nc3 Nf6 4. Be2 Bb4 5. Nd5 Nxd5 6. exd5 e4 7. dxc6 exf3 8. cxd7+ Bxd7 9. Bxf3 Bb5 10. Be2 Qe7 11. a3 Ba5 12. a4 Ba6 13. Ra3 O-O-O 14. Re3 Qd6 15. Bxa6 Qxa6 16. Qe2 Qc6 17. Qg4+ Kb8 18. O-O Qxc2 19. b4 Qxa4 20. Qxg7 Qxb4 21. Rfe1 Bb6 22. Qxh8 1-0

[Event "V Floripa Chess Open 2019"]
[Site "Florianopolis/SC"]
[Date "2019.01.23"]
[Round "4.43"]
[White "Barrientos, Ernesto"]
[Black "Madeira, Wagner Martins"]
[Result "1/2-1/2"]
[WhiteElo "1925"]
[BlackElo "2170"]
[PlyCount "151"]
[EventDate "2019.01.21"]
[EventRounds "10"]
[EventCountry "BRA"]

1. e4 c5 2. Nf3 Nc6 3. d4 cxd4 4. Nxd4 Nf6 5. Nc3 e5 6. Ndb5 d6 7. Nd5 Nxd5 8. exd5 Nb8 9. Qf3 Be7 10. c4 O-O 11. Qa3 Na6 12. Be3 b6 13. Be2 Nc7 14. Nc3 f5 15. f3 Ne8 16. O-O Bg5 17. Bf2 Nf6 18. Nb5 Ne8 19. b4 Bd7 20. c5 bxc5 21. bxc5 dxc5 22. Bxc5 a6 23. Bxf8 axb5 24. Qb4 Nc7 25. Bc5 Na6 26. Qa3 b4 27. Bxb4 Qb6+ 28. Kh1 Qxb4 29. Qb3 Ba4 30. Qd3 e4 31. fxe4 Nc5 32. Qg3 Nxe4 33. Qe5 Bd7 34. Rab1 Qd6 35. Qxd6 Nxd6 36. Rb6 Be7 37. Ra1 Ne4 38. Rb7 Bf6 39. Rab1 Nc3 40. Rb8+ Rxb8 41. Rxb8+ Kf7 42. Bc4 Ke7 43. Bb3 Kd6 44. Rb7 Ba4 45. Rb6+ Kc5 46. Rb8 Bxb3 47. Rxb3 Nxa2 48. Rd3 Nb4 49. Rf3 g6 50. g4 Nxd5 51. gxf5 g5 52. Rh3 Kd4 53. Rxh7 Ke4 54. Ra7 Kxf5 55. Ra5 Ke4 56. Kg2 Ne3+ 57. Kf2 Nf5 58. Kg2 Kf4 59. Ra4+ Bd4 60. Rb4 g4 61. Rb3 Nh4+ 62. Kf1 Be3 63. Ra3 Kf3 64. Ra8 Ng6 65. Ra3 Ne5 66. Rb3 Nc4 67. Rd3 Nd2+ 68. Ke1 Ne4 69. Kf1 Ng5 70. Ra3 Ne6 71. Rb3 Nd4 72. Rc3 Ke4 73. Kg2 Ne2 74. Rc4+ Bd4 75. Rc2 Ke3 76. Rxe2+ 1/2-1/2

[Event "V Floripa Chess Open 2019"]
[Site "Florianopolis/SC"]
[Date "2019.01.23"]
[Round "4.44"]
[White "Juliano, Joao Carlos Mazzini"]
[Black "De Lima, Alexsandro Barros"]
[Result "0-1"]
[WhiteElo "1924"]
[BlackElo "2168"]
[PlyCount "72"]
[EventDate "2019.01.21"]
[EventRounds "10"]
[EventCountry "BRA"]

1. d4 Nf6 2. Nf3 d6 3. Bg5 Nbd7 4. Nbd2 g6 5. e4 Bg7 6. Bc4 O-O 7. O-O c5 8. c3 h6 9. Bxf6 Bxf6 10. Re1 e5 11. dxe5 dxe5 12. Bd5 Rb8 13. c4 Re8 14. a4 Nf8 15. Qc2 g5 16. Nb3 Qe7 17. Re2 Ng6 18. Ne1 Nf4 19. Rd2 g4 20. Nd3 b6 21. a5 Kg7 22. axb6 axb6 23. Nbc1 h5 24. Bc6 Rg8 25. Ne2 Bg5 26. Ndxf4 exf4 27. Nc3 Qf6 28. Qa4 f3 29. Rd3 fxg2 30. Rad1 Be6 31. Rd6 Bf4 32. Rxe6 fxe6 33. Rd7+ Kh6 34. Qa7 Bxh2+ 35. Kxh2 Qxf2 36. Rh7+ Kg6 0-1

[Event "V Floripa Chess Open 2019"]
[Site "Florianopolis/SC"]
[Date "2019.01.23"]
[Round "4.45"]
[White "Trois, Francisco R.T."]
[Black "Farias, Edilsom"]
[Result "1-0"]
[WhiteElo "2163"]
[BlackElo "1892"]
[PlyCount "32"]
[EventDate "2019.01.21"]
[EventRounds "10"]
[EventCountry "BRA"]

1. c4 g6 2. d4 Bg7 3. Nc3 Nf6 4. e4 d6 5. Be2 O-O 6. Bg5 Nbd7 7. Qd2 c6 8. Nf3 Re8 9. O-O e5 10. Rad1 Qb6 11. dxe5 dxe5 12. Be3 Qa5 13. Bh6 Bh8 14. h3 Nc5 15. Qc2 Nh5 16. Rfe1 Ne6 1-0

[Event "V Floripa Chess Open 2019"]
[Site "Florianopolis/SC"]
[Date "2019.01.23"]
[Round "4.46"]
[White "Borges, Wagner Da Silva"]
[Black "Vega, Rodrigo"]
[Result "1-0"]
[WhiteElo "2156"]
[BlackElo "1897"]
[PlyCount "73"]
[EventDate "2019.01.21"]
[EventRounds "10"]
[EventCountry "BRA"]

1. d4 d5 2. Nf3 Nf6 3. Bf4 e6 4. e3 Be7 5. Nbd2 Nbd7 6. Bd3 c5 7. c3 O-O 8. h3 b6 9. Ne5 Bb7 10. O-O c4 11. Bc2 b5 12. Qf3 Re8 13. Rfe1 Qb6 14. g4 Nxe5 15. Bxe5 Nd7 16. Bg3 a5 17. Rab1 b4 18. Ba4 Red8 19. Qg2 Rac8 20. f4 Bc6 21. Bc2 a4 22. cxb4 Bxb4 23. Rf1 Qa5 24. Nf3 Bb5 25. a3 Be7 26. Be1 Qa6 27. Bc3 Nb8 28. Kh1 Nc6 29. Rf2 Na7 30. Rg1 Be8 31. g5 Nb5 32. f5 Nxc3 33. g6 hxg6 34. fxg6 Bf8 35. gxf7+ Kxf7 36. Ne5+ Ke7 37. Rxf8 1-0

[Event "V Floripa Chess Open 2019"]
[Site "Florianopolis/SC"]
[Date "2019.01.23"]
[Round "4.47"]
[White "Furmam, Fernando Gustavo"]
[Black "Luz, Arthur Nader"]
[Result "0-1"]
[WhiteElo "1910"]
[BlackElo "2154"]
[PlyCount "52"]
[EventDate "2019.01.21"]
[EventRounds "10"]
[EventCountry "BRA"]

1. d4 Nf6 2. c4 g6 3. Nc3 Bg7 4. e4 d6 5. f4 O-O 6. Nf3 Na6 7. a3 Bg4 8. Be2 e5 9. fxe5 dxe5 10. d5 Nc5 11. Qc2 Nfxe4 12. Nxe4 Bf5 13. Bd3 Bxe4 14. Bxe4 f5 15. Bxf5 Rxf5 16. Be3 e4 17. Bxc5 exf3 18. O-O-O Qg5+ 19. Kb1 b6 20. Bb4 a5 21. Be1 Qxg2 22. Qxg2 fxg2 23. Rg1 Rf1 24. Bd2 Rxd1+ 25. Rxd1 Bd4 26. Bf4 Rc8 0-1

[Event "V Floripa Chess Open 2019"]
[Site "Florianopolis/SC"]
[Date "2019.01.23"]
[Round "4.48"]
[White "Do Valle Cardoso, Lucas"]
[Black "Silva Junior, Marcelo Valeriano"]
[Result "0-1"]
[WhiteElo "2143"]
[BlackElo "1891"]
[PlyCount "96"]
[EventDate "2019.01.21"]
[EventRounds "10"]
[EventCountry "BRA"]

1. e4 e6 2. Qe2 Nc6 3. c3 d5 4. exd5 Qxd5 5. Nf3 Nf6 6. d4 Bd6 7. g3 O-O 8. Bg2 Re8 9. O-O Qh5 10. Bg5 e5 11. Bxf6 gxf6 12. Nbd2 Bg4 13. d5 Ne7 14. Qc4 f5 15. Rfe1 e4 16. Nh4 Ng6 17. h3 Bxh3 18. Bxh3 Nxh4 19. gxh4 Qxh4 20. Bg2 Qh2+ 21. Kf1 Kh8 22. Re2 Rg8 23. f3 e3 24. Qd4+ Rg7 25. Qxe3 Rag8 26. Qg1 Qh3 27. Qd4 Qh6 28. Nc4 Bf4 29. Ne3 Qg5 30. Nc2 f6 31. Ne1 Be5 32. Qg1 Qg3 33. Rd1 h5 34. Qh1 h4 35. Qh3 Qxh3 36. Bxh3 Rg3 37. Bxf5 h3 38. f4 Bxf4 39. Rf2 Rg1+ 40. Ke2 h2 41. Rxh2+ Bxh2 42. Rd3 Re8+ 43. Be6 Bf4 44. Kf2 Rh1 45. Nf3 Rb1 46. b4 Rb2+ 47. Kg1 Re7 48. Rd4 Be3+ 0-1

[Event "V Floripa Chess Open 2019"]
[Site "Florianopolis/SC"]
[Date "2019.01.23"]
[Round "4.49"]
[White "Cabral, Denrick"]
[Black "Souza, Rafael Cabral De"]
[Result "0-1"]
[WhiteElo "1903"]
[BlackElo "2142"]
[PlyCount "130"]
[EventDate "2019.01.21"]
[EventRounds "10"]
[EventCountry "BRA"]

1. e4 g6 2. d4 Bg7 3. Nc3 d6 4. Nf3 Bg4 5. Be3 Nc6 6. Be2 Nf6 7. Qd2 d5 8. exd5 Nxd5 9. Nxd5 Qxd5 10. h3 Bxf3 11. Bxf3 Qb5 12. c3 Rd8 13. Be2 Qd5 14. O-O O-O 15. Bf3 Qd6 16. Qc2 b5 17. Qe4 Na5 18. Bf4 Qd7 19. Rfe1 e6 20. b4 Nc4 21. Qb7 e5 22. dxe5 Qf5 23. Qe4 Qxe4 24. Rxe4 Rfe8 25. Rae1 Rd3 26. e6 fxe6 27. Rxe6 Rxe6 28. Rxe6 Bxc3 29. Bxc7 Bxb4 30. Bc6 a6 31. Bf3 a5 32. Bc6 Na3 33. Re5 Rc3 34. Bd5+ Kf8 35. Bb8 Rc8 36. Ba7 Rc1+ 37. Kh2 Bd6 38. f4 Bxe5 39. fxe5 Ke7 40. Be3 Rc7 41. Bb6 Rd7 42. Bc5+ Kd8 43. Bb6+ Ke7 44. Bc5+ Kd8 45. Bb6+ Kc8 46. Be6 Nc4 47. Bd4 Kc7 48. Bxd7 Kxd7 49. Kg3 Ke6 50. Kf4 Kd5 51. Ba1 b4 52. g4 h6 53. h4 a4 54. h5 g5+ 55. Kf5 Ne3+ 56. Kg6 Nxg4 57. Kf5 Ne3+ 58. Kg6 g4 59. Kxh6 g3 60. e6 g2 61. e7 Nf5+ 62. Kg5 Nxe7 63. Kf6 g1=Q 64. Bb2 Qf2+ 65. Kxe7 Qxb2 0-1

[Event "V Floripa Chess Open 2019"]
[Site "Florianopolis/SC"]
[Date "2019.01.23"]
[Round "4.50"]
[White "Araujo, Jose Roberto"]
[Black "Crul, Otavio Augusto Barr"]
[Result "1/2-1/2"]
[WhiteElo "2142"]
[BlackElo "1890"]
[PlyCount "42"]
[EventDate "2019.01.21"]
[EventRounds "10"]
[EventCountry "BRA"]

1. e4 e5 2. Nc3 Nf6 3. g3 d5 4. exd5 Nxd5 5. Bg2 Nxc3 6. bxc3 Bd6 7. Nf3 O-O 8. O-O c6 9. Re1 Re8 10. d4 exd4 11. Rxe8+ Qxe8 12. cxd4 Nd7 13. c4 Nf6 14. Qb3 h6 15. Bb2 Qd8 16. Re1 Be6 17. Ne5 Qb6 18. Qc2 Bxe5 19. dxe5 Nd7 20. Rd1 Qc5 21. Rd6 Nxe5 1/2-1/2